000 00324nam a2200133Ia 4500
005 20251222141901.0
008 251222s9999||||xx |||||||||||||| ||spa||
020 _a9972-883-04-3
082 _a155.4/B15
100 _aBaguer de Mesones, Edmmé
245 0 _aComo conversar con su hijo
264 _bLibro Amigo
942 _cLIB
999 _c8077
_d8077